Quantity surveying principles and applications
Saved in:
| Main Author: | |
|---|---|
| Format: | Book |
| Language: | English |
| Published: |
Khanna Publishers
2009
|
| Tags: |
Add Tag
No Tags, Be the first to tag this record!
|
MARC
| LEADER | 00000nam a22000007a 4500 | ||
|---|---|---|---|
| 008 | 201214b ||||| |||| 00| 0 eng d | ||
| 020 | |a 81-7409-242-7 | ||
| 100 | |a GUHA, P. K. | ||
| 245 | |a Quantity surveying |b principles and applications |c P. K. Guha |g x, 399p.; ill. | ||
| 260 | |b Khanna Publishers |c 2009 |h New Delhi |i 691618 |i 691619 |l TH435 .G93 |m Building – Estimates | ||
| 942 | |a lcc |c BK |e O.A.JOHNSON |f 14/12/20 | ||
| 952 | |0 0 |1 0 |2 lcc |4 0 |6 TH0435 G93 |7 0 |9 441 |a HOL |b EDM |c QZ |d 2020-12-14 |l 0 |o TH435 .G93 |p 2020-2170 |r 2020-12-14 00:00:00 |w 2020-12-14 |y BK | ||
| 952 | |0 0 |1 0 |2 lcc |4 0 |6 TH0435 G93 |7 0 |9 442 |a HOL |b HOL |c QZ |d 2020-12-14 |l 0 |o TH435 .G93 |p 2020-2171 |r 2020-12-14 00:00:00 |w 2020-12-14 |y BK | ||
| 999 | |c 222 |d 222 | ||